[Event "ch-U20 Panamerican"]
[Site "Bogota COL"]
[Date "2006.09.04"]
[Round "3"]
[White "Iturrizaga,E"]
[Black "Cordova,Em"]
[Result "1-0"]
[WhiteElo "2309"]
[BlackElo "2434"]

1.Nf3 Nf6 2.g3 b6 3.Bg2 Bb7 4.O-O e6 5.c4 c5 6.b3 Be7 7.Bb2 d6 8.Nc3 a6 9.d4 cxd4
10.Qxd4 Nbd7 11.Rfd1 O-O 12.Ba3 Nc5 13.Ne1 Qc7 14.Rac1 Bxg2 15.Nxg2 Qb7 16.b4 Ncd7
17.Ne3 b5 18.c5 dxc5 19.bxc5 Nb8 20.Qf4 a5 21.Bb2 Qc6 22.Ng4 Nbd7 23.a4 bxa4
24.Nxf6+ Nxf6 25.Qxa4 Rfc8 26.Qxc6 Rxc6 27.Na4 Rac8 28.Bxf6 gxf6 29.Rc3 f5
30.Kg2 Rb8 31.Rd7 Bf8 32.Ra7 Rb5 33.Rd3 e5 34.Rdd7 Rf6 35.Rd8 Kg7 36.Rc7 f4
37.g4 f3+ 38.exf3 Rf4 39.Nc3 Rxc5 40.Rxc5 Bxc5 41.Ne4 Bb4 42.Ra8 h6 43.h4 Kh7
44.Ra7 h5 45.gxh5 Kh6 46.Ng3 Be1 47.Ra6+ f6 48.Ra7 a4 49.Ra6 Kh7 50.Ne4 Kg7
51.Rxa4 f5 52.Ra7+ Kh6 53.Ng3 e4 54.Ra6+ Kh7 55.Ra7+ Kh6 56.Kf1 Bb4 57.Ra6+ Kh7
58.fxe4 fxe4 59.Re6 Rxh4 60.Kg2 Ba5 61.Nxe4 Kg7 62.Ng3 Rf4 63.Ra6 Be1 64.Ra2 Rf7
65.Re2 Ba5 66.Re6 Bd8 67.Rg6+ Kh7 68.Rd6 Bc7 69.Rc6 Be5 70.Ne4 Rg7+ 71.Kh3 Rg1
72.Kh4 Bf4 73.Rf6 Bh6 74.Rf7+ Kg8 75.Rf3 Kh7 76.Rg3 Rh1+ 77.Kg4 Rb1 78.Rd3 Rb5
79.Rd7+ Kg8 80.f4 Kf8 81.Ng5 Kg8 82.Rd6 Bf8 83.Rd8 Rb6 84.Kf5  1-0

[Event "TCh-POL Extraliga"]
[Site "Ustron POL"]
[Date "2006.09.04"]
[Round "3"]
[White "Dziuba,M"]
[Black "Jakubiec,A"]
[Result "1/2-1/2"]
[WhiteElo "2511"]
[BlackElo "2490"]

1.Nf3 b6 2.g3 Bb7 3.Bg2 e6 4.O-O c5 5.c4 Nf6 6.Nc3 Be7 7.b3 O-O 8.Bb2 d6
9.e3 Nbd7 10.Qe2 Ne4 11.Nxe4 Bxe4 12.d3 Bb7 13.d4 Be4 14.Rfd1 Qc7 15.Rac1 Qb7
16.Ne1 Bxg2 17.Nxg2 a6 18.Nf4  1/2-1/2

[Event "ch-U20 Panamerican"]
[Site "Bogota COL"]
[Date "2006.09.05"]
[Round "5"]
[White "Iturrizaga,E"]
[Black "Alvarez,Mig MEX"]
[Result "1-0"]
[WhiteElo "2309"]
[BlackElo "2073"]

1.Nf3 Nf6 2.g3 b6 3.Bg2 Bb7 4.O-O e6 5.c4 c5 6.b3 Be7 7.Bb2 O-O 8.Nc3 Nc6
9.e4 d6 10.d4 cxd4 11.Nxd4 Qc8 12.Rc1 Rd8 13.Nd5 Qd7 14.Nxc6 Bxc6 15.Nxf6+ Bxf6
16.Bxf6 gxf6 17.Qg4+ Kf8 18.Qh4 Ke7 19.Rfd1 Qb7 20.Rc3 Rg8 21.b4 Qc7 22.c5 dxc5
23.e5 Bxg2 24.exf6+ Ke8 25.Qxh7 Rf8 26.Kxg2 Rd8 27.Rcd3 Rxd3 28.Qxd3 c4 29.Qe4 Qc8
30.Qe5 Rh8 31.Qd6  1-0

[Event "ProMoPro Open"]
[Site "Prague CZE"]
[Date "2006.09.12"]
[Round "4"]
[White "Benes,Pe1"]
[Black "Vaculik,M"]
[Result "0-1"]
[WhiteElo "2189"]
[BlackElo "2272"]

1.c4 e6 2.Nf3 Nf6 3.g3 b6 4.Bg2 Bb7 5.O-O c5 6.Re1 d6 7.Nc3 Nbd7 8.e3 Rc8
9.b3 a6 10.Bb2 Qc7 11.Rc1 Be7 12.d4 O-O 13.a4 Qb8 14.d5 exd5 15.cxd5 b5 16.axb5 axb5
17.Nh4 g6 18.e4 b4 19.Na4 Ne8 20.Bh3 Rd8 21.Bxd7 Rxd7 22.Nb6 Rd8 23.Qf3 Ba6
24.Nc4 Rd7 25.Nf5 Bf6 26.Bxf6 Nxf6 27.Nfxd6 Rxd6 28.e5 Rxd5 29.Qxf6 Bxc4
30.Rxc4 Re8 31.Rf4 Qb7 32.Rfe4 Rd1 33.Re3 Rxe1+ 34.Rxe1 Qd5 35.Re3 c4 36.bxc4 Qxc4
37.Qb6 Re6 38.Qb8+ Kg7 39.h4 Ra6 40.Re1 Qc3 41.Rd1 Qf3 42.Qd8 Ra2 43.Qd4 Rxf2
44.e6+ Kh6 45.Qxf2 Qxd1+ 46.Kh2 fxe6 47.Qf8+ Kh5 48.Qxb4 Qe2+ 49.Kh3 Qf1+
50.Kh2 Kh6 51.Qb2 Qf5 52.Qd2+ Kg7 53.Qd7+ Qf7 54.Qd4+ Kg8 55.Qd8+ Qf8 56.Qd4 h5
57.Qd2 Qf5 58.Qd8+ Kf7 59.Qd7+ Kf6 60.Qd8+ Ke5 61.Qd2 Qe4 62.Qg5+ Kd4 63.Qd2+ Kc4
64.Qd6 e5 65.Qd7 Kc3 66.Qc7+ Kd2 67.Qd6+ Ke1 68.Qf6 Qf5 69.Qe7 Kf1 70.Qb7 Qf2+
71.Kh3 Kg1 72.Qb1+ Qf1+ 73.Qxf1+ Kxf1 74.g4 Kf2  0-1

[Event "EU-chB16"]
[Site "Herceg Novi MNE"]
[Date "2006.09.16"]
[Round "6"]
[White "Balog,I1"]
[Black "Volodin,Alek"]
[Result "0-1"]
[WhiteElo "2265"]
[BlackElo "2354"]

1.Nf3 Nf6 2.c4 c5 3.g3 b6 4.Bg2 Bb7 5.O-O e6 6.Nc3 Be7 7.Re1 O-O 8.e4 d6
9.d4 cxd4 10.Nxd4 Qc8 11.Be3 Nbd7 12.Rc1 a6 13.h3 Qc7 14.g4 Nc5 15.Qc2 Rac8
16.f4 g6 17.Rf1 Rfe8 18.Bf3 Bf8 19.Nde2 d5 20.e5 Nfe4 21.cxd5 exd5 22.Rfd1 Nxc3
23.Nxc3 d4 24.Bxb7 Qxb7 25.Bxd4 Ne6 26.Kh2 Nxf4 27.Qe4 Qxe4 28.Nxe4 Bg7 29.Nf6+ Bxf6
30.exf6 Rxc1 31.Rxc1 Ne2 32.Re1 b5 33.Bc5 Re6 34.Rd1 h6 35.Be7 Nf4 36.Rd8+ Kh7
37.Rf8 Re2+ 38.Kg3 Ne6 39.Ra8 Rxb2 40.Rxa6 Re2 41.a3 g5 42.Rb6 Re5 43.Kf2 Nf4
44.Kg3 Re3+ 45.Kf2 Rb3 46.Ke1 Nxh3 47.Kd2 h5 48.Kc2 Rf3 49.gxh5 g4 50.Bf8 g3
51.Bg7 Nf4 52.Rb8 Nxh5 53.Rxb5 g2  0-1

[Event "EU-chB16"]
[Site "Herceg Novi MNE"]
[Date "2006.09.19"]
[Round "9"]
[White "Baryshpolets,A"]
[Black "Yaremko,N"]
[Result "1/2-1/2"]
[WhiteElo "2251"]
[BlackElo "2324"]

1.Nf3 c5 2.c4 b6 3.g3 Bb7 4.Bg2 Nf6 5.O-O e6 6.Nc3 Be7 7.d4 cxd4 8.Qxd4 O-O
9.Bg5 h6 10.Bxf6 Bxf6 11.Qd3 Na6 12.Rfd1 Nc5 13.Qd2 a5 14.Rac1 Rc8 15.Nd4 Bxg2
16.Kxg2 Bxd4 17.Qxd4 Qc7 18.f3 Qc6 19.Qf4 Na4 20.Qd2 Nxc3 21.Rxc3 b5 22.Qxd7 Qxd7
23.Rxd7 Rxc4 24.Rxc4 bxc4 25.Rd2 Rb8 26.Kf2 Kf8 27.Ke3 Ke7 28.Rc2 e5 29.Kd2 Rd8+
30.Ke1 Rb8  1/2-1/2

[Event "XVI Gros Open"]
[Site "San Sebastian ESP"]
[Date "2006.09.26"]
[Round "6"]
[White "Paunovic,D"]
[Black "Meijers,V"]
[Result "1/2-1/2"]
[WhiteElo "2506"]
[BlackElo "2474"]

1.Nf3 Nf6 2.g3 b6 3.Bg2 Bb7 4.O-O e6 5.c4 c5 6.Nc3 Be7 7.d4 cxd4 8.Qxd4 O-O
9.Bg5 h6 10.Bxf6 Bxf6 11.Qd2 Qe7 12.Rfd1 Rc8 13.Qd3 Na6 14.Qxd7 Qxd7 15.Rxd7 Nc5
16.Rdd1 Bxc3 17.bxc3 Na4 18.Rac1 Rc7 19.Ne5 Bxg2 20.Kxg2 f6 21.Ng6 Kf7 22.Nf4 Re8
23.h4 Rxc4 24.h5 Rxc3 25.Rxc3 Nxc3 26.Rd3 Ne4 27.Rd7+ Re7 28.Rd8 Nc5 29.Rc8 e5
30.Ng6  1/2-1/2

[Event "7th Veselin Boskovic Mem Op"]
[Site "Beograd SRB"]
[Date "2006.10.02"]
[Round "1"]
[White "Tadic,B"]
[Black "Popovic,Pr"]
[Result "1-0"]
[WhiteElo "2482"]
[BlackElo "2103"]

1.Nf3 Nf6 2.c4 e6 3.g3 b6 4.Bg2 Bb7 5.O-O c5 6.Nc3 Be7 7.Re1 O-O 8.e4 d6
9.d4 cxd4 10.Nxd4 e5 11.Nf5 Re8 12.Nb5 Bc6 13.Nbxd6 Bxd6 14.Qxd6 Qxd6 15.Nxd6 Rd8
16.Nf5 Rd7 17.Bg5 Na6 18.Bxf6 gxf6 19.Rad1 Kf8 20.Ne3 Nb4 21.a3 Nd3 22.Re2 Ba4
23.Rb1 Bb3 24.Rd2 Rd4 25.Nf5 Rd7 26.Bf1 Rad8 27.Rxd3 Rxd3 28.Bxd3 Rxd3 29.Rc1 Ke8
30.c5 Kd7 31.cxb6 axb6 32.Rc3 Rxc3 33.bxc3 Be6 34.Ne3 Kc6 35.Kf1 Kb5 36.Ke2 Kc5
37.g4 b5 38.f3 Kc6 39.c4 bxc4 40.Kd2 Kc5 41.Kc3 Bd7 42.Nd5 f5 43.Nf6 Ba4
44.Nxh7 Bd1 45.gxf5 Bxf3 46.Ng5 Bh5 47.a4 Kd6 48.Kxc4 Be2+ 49.Kc3 Ke7 50.Kd2 Ba6
51.h4 Kf6  1-0

[Event "Corporacion del Sur B"]
[Site "Buenos Aires ARG"]
[Date "2006.10.03"]
[Round "2"]
[White "Contin,D"]
[Black "Lafuente,P"]
[Result "1/2-1/2"]
[WhiteElo "2386"]
[BlackElo "2459"]

1.Nf3 Nf6 2.c4 b6 3.g3 c5 4.Bg2 Bb7 5.O-O e6 6.Nc3 Be7 7.Re1 d6 8.e4 a6 9.d4 cxd4
10.Nxd4 Qc7 11.Be3 Nbd7 12.f4 O-O 13.Rc1 Rac8 14.g4 Nc5 15.Bf2 g6 16.f5 Rfe8
17.Bf3 exf5 18.exf5 Bf8 19.Nd5 Rxe1+ 20.Bxe1 Nxd5 21.cxd5 Qe7 22.Rc2 Nd3
23.Bc3 Qe3+ 24.Kf1 Nf4 25.Nc6 a5 26.Be2 Nxd5 27.Qxd5 Rxc6 28.Qf3 Qxf3+ 29.Bxf3 Ba6+
30.Kf2 Rc8 31.Rd2 Rd8 32.Bd5 Bh6 33.Rd1 Bg5 34.Bd4 Bh4+ 35.Kf3 Re8 36.Rd2 Bg5
37.Rc2 gxf5 38.gxf5 Kf8 39.Rc7 Be2+ 40.Kg3 Bh5 41.Bxb6 Re5 42.Rc8+ Ke7 43.Rc7+ Kf8
44.Rc8+ Ke7 45.Rc7+ Kf8 46.Rc8+  1/2-1/2

[Event "7th Veselin Boskovic Mem Op"]
[Site "Beograd SRB"]
[Date "2006.10.04"]
[Round "3"]
[White "Pavlovic,Milo"]
[Black "Zivkovic,S"]
[Result "1-0"]
[WhiteElo "2507"]
[BlackElo "2307"]

1.Nf3 Nf6 2.c4 c5 3.g3 b6 4.Bg2 Bb7 5.O-O e6 6.Nc3 Be7 7.b3 O-O 8.Bb2 d5
9.e3 Nbd7 10.Qe2 Re8 11.Rac1 Ne4 12.cxd5 exd5 13.d4 cxd4 14.Nxd4 Ndc5 15.Rfd1 Bf6
16.Nxe4 dxe4 17.Nc6 Qc7 18.Bxf6 Qxc6 19.Bd4 a5 20.Qg4 f6 21.Bxc5 bxc5 22.Rd7 g6
23.Qd1 Rac8 24.Qd2 Qb6 25.Bf1 Rc7 26.Bc4+ Kh8 27.Rd1 Re7 28.Rd8+ Kg7 29.Rg8+ Kh6
30.Qd8 Qc6 31.Rd6  1-0

[Event "Goodbye Summer Open"]
[Site "Omis CRO"]
[Date "2006.10.05"]
[Round "2"]
[White "Plenkovic,Z"]
[Black "Susak,Z"]
[Result "1/2-1/2"]
[WhiteElo "2380"]
[BlackElo "2232"]

1.Nf3 Nf6 2.g3 b6 3.Bg2 Bb7 4.O-O e6 5.c4 c5 6.b3 Be7 7.Bb2 O-O 8.Nc3 Nc6
9.Rc1 Rc8 10.d4 cxd4 11.Nxd4 a6 12.Nxc6 Bxc6 13.Nd5 exd5 14.cxd5 Ba8 15.d6 Rxc1
16.Bxc1 Bxg2 17.dxe7 Qxe7 18.Kxg2 Re8 19.Re1 Qe4+ 20.Kg1 h6 21.Bb2 d5 22.f3 Qe3+
23.Kg2 Qe6 24.Qd3 b5 25.e3 Rc8 26.Re2 Nh7 27.h4 Nf8 28.Qd4 f6 29.Qd3 Nd7
30.e4 dxe4 31.Rxe4 Nc5 32.Rxe6 Nxd3 33.Re2 b4 34.Rd2 Nxb2 35.Rxb2 Kf7 36.Re2 Rc3
37.g4 g6 38.Kg3 a5 39.Kf4 g5+ 40.hxg5 hxg5+ 41.Ke4 Ke6 42.Rd2 a4 43.bxa4 Ra3
44.Kd4 Rxa4 45.Re2+ Kd6 46.Kc4 Ra3 47.Rf2 Ke5 48.Kxb4 Ra8 49.a4 Kf4 50.a5 Ke3
51.Rf1 Ke2 52.Rc1 Kxf3 53.Rc4 f5 54.gxf5 Rf8 55.a6 Rxf5 56.a7 Rf8 57.Rc5 Ra8
58.Rf5+ Ke3 59.Rf7 g4 60.Kb5 g3 61.Kb6 g2 62.Rg7 Kf2 63.Kb7 Rxa7+ 64.Kxa7 g1=Q
65.Rxg1 Kxg1  1/2-1/2

[Event "7th Veselin Boskovic Mem Op"]
[Site "Beograd SRB"]
[Date "2006.10.06"]
[Round "5"]
[White "Pavlovic,Milo"]
[Black "Spiric,I"]
[Result "1-0"]
[WhiteElo "2507"]
[BlackElo "2306"]

1.Nf3 Nf6 2.g3 b6 3.Bg2 Bb7 4.O-O c5 5.c4 e6 6.Nc3 Be7 7.b3 O-O 8.Bb2 d6
9.e3 Nbd7 10.d4 a6 11.Rc1 Qc7 12.Nh4 Bxg2 13.Nxg2 Qb7 14.a4 Ne4 15.Qf3 Ndf6
16.Rfd1 Rab8 17.d5 Nxc3 18.Bxc3 e5 19.e4 b5 20.cxb5 axb5 21.Ne3 g6 22.Bd2 bxa4
23.bxa4 Qb3 24.a5 Qd3 25.Rc4 Rb1 26.Be1 Qb3 27.Rxb1 Qxb1 28.Qd1 Qb2 29.Kg2 Nh5
30.Ra4 Qb5 31.Ra1 Rb8 32.Qc2 Ng7 33.Nc4 Qa6 34.Ra3 f5 35.Ne3 fxe4 36.Qxe4 Qe2
37.a6 Qxe1 38.a7 Ra8 39.Qa4 Qb4 40.Qc6 Rxa7 41.Rxa7 Qe4+ 42.Kh3 Kf8 43.Qc8+ Kf7
44.Qd7 Nf5 45.Qe6+ Kf8 46.Ng4  1-0

[Event "WJun"]
[Site "Yerevan ARM"]
[Date "2006.10.14"]
[Round "11"]
[White "Magalashvili,D"]
[Black "Tonoian,A"]
[Result "1-0"]
[WhiteElo "2459"]
[BlackElo "2400"]

1.c4 c5 2.Nf3 Nf6 3.g3 b6 4.Bg2 Bb7 5.O-O e6 6.Nc3 Be7 7.d4 cxd4 8.Qxd4 d6
9.Rd1 a6 10.Bg5 Nbd7 11.Qd2 O-O 12.Bf4 Ne8 13.e4 Qc7 14.Rac1 Rd8 15.b3 Ne5
16.Nd4 Nf6 17.h3 Qb8 18.Qe2 Rfe8 19.Be3 Qa8 20.f4 Ned7 21.Bf2 Bf8 22.Re1 e5
23.fxe5 dxe5 24.Nc2 Bc5 25.Nd5 Rc8 26.Bxc5 Rxc5 27.Nce3 Qb8 28.Rf1 Bxd5 29.exd5 g6
30.b4 Rcc8 31.c5 bxc5 32.bxc5 Nh5 33.c6 Nxg3 34.Qf2 Nxf1 35.Rxf1 Nf8 36.Qxf7+ Kh8
37.Ng4  1-0

[Event "TCh-BEL 2006-7"]
[Site "Belgium BEL"]
[Date "2006.10.22"]
[Round "2"]
[White "Balduan,M"]
[Black "Beuselinck,S"]
[Result "0-1"]
[WhiteElo "2350"]
[BlackElo "2165"]

1.Nf3 c5 2.c4 e6 3.g3 b6 4.Bg2 Bb7 5.O-O Nf6 6.Nc3 d6 7.d4 cxd4 8.Qxd4 a6
9.Rd1 Qc7 10.Ng5 Bxg2 11.Kxg2 Nc6 12.Qf4 Ne5 13.Rd4 Be7 14.Nce4 Nfd7 15.Nf3 O-O
16.b3 b5 17.cxb5 Nxf3 18.Qxf3 d5 19.Nc3 Bf6 20.Rd3 Nc5 21.Bf4 Qa5 22.Re3 Ne4
23.b4 Qd8 24.bxa6 Rxa6 25.Rd3 Qb6 26.Rb1 Nxc3 27.Rxc3 Bxc3 28.Qxc3 Rxa2 29.Qd3 Rc8
30.Be3 Qb7 31.Bc5 Qa6 32.Qxa6 Rxa6 33.Be3 Raa8 34.b5 Rab8 35.Bf4 Rb7 36.Bd6 f6
37.f4 Rb6  0-1

[Event "14th Chigorin Mem B"]
[Site "St-Petersburg RUS"]
[Date "2006.10.29"]
[Round "8"]
[White "Fedoseev,Vl1"]
[Black "Urjubdshzirov,E"]
[Result "1-0"]
[WhiteElo "2300"]
[BlackElo "2197"]

1.Nf3 Nf6 2.c4 b6 3.g3 Bb7 4.Bg2 c5 5.O-O e6 6.Nc3 Be7 7.d4 cxd4 8.Nxd4 Bxg2
9.Kxg2 O-O 10.e4 d6 11.Be3 a6 12.f3 Qc7 13.Qe2 Nbd7 14.Rac1 Rfc8 15.b3 Qb7
16.Rfd1 Bf8 17.Bf2 Rc7 18.Rc2 Rac8 19.Rdc1 Ne5 20.h3 Ng6 21.Kh2 h5 22.Qe3 h4
23.gxh4 Nh5 24.Rg1 Ngf4 25.Nde2 Nxe2 26.Nxe2 Rc5 27.Qd2 Ra5 28.Rg5 Rxg5 29.hxg5 d5
30.cxd5 Rxc2 31.Qxc2 exd5 32.e5 Qe7 33.f4 Qb4 34.Be3 Bc5 35.Bd2 Qb5 36.Bc3 Nxf4
37.Nxf4 Qf1 38.Kg3 Be3 39.Ng2 d4 40.Bb2 a5 41.e6 fxe6 42.g6 Qf8 43.Nxe3 dxe3
44.Bd4 Qd6+ 45.Kf3 Qd5+ 46.Kxe3 Qg5+ 47.Ke2 Qh5+ 48.Kd2 Qg5+ 49.Kd1 Qd8 50.Kc1 b5
51.Qe4 Qc8+ 52.Kb2 a4 53.Qe5 a3+ 54.Kb1 Qf8 55.Qxe6+ Kh8 56.Qf7  1-0

[Event "TCh-AUT 2006-7"]
[Site "Graz AUT"]
[Date "2006.11.05"]
[Round "3"]
[White "Gerhold,M"]
[Black "Zsifkovits,R"]
[Result "1-0"]
[WhiteElo "2218"]
[BlackElo "2158"]

1.Nf3 Nf6 2.c4 b6 3.g3 c5 4.Bg2 Bb7 5.O-O e6 6.Nc3 Be7 7.Re1 O-O 8.e4 d6
9.d4 cxd4 10.Nxd4 Qc8 11.Ndb5 Rd8 12.Bf4 Ne8 13.Rc1 a6 14.Nd4 Nd7 15.Bh3 Nc7
16.b4 Bf8 17.Bg5 Re8 18.Nb3 Qb8 19.Bf4 Ne5 20.Qe2 Nc6 21.a3 Bc8 22.Bg2 Ne5
23.Red1 Bb7 24.c5 bxc5 25.bxc5 Nb5 26.Na5 Bc8 27.cxd6 Bxd6 28.Nxb5 axb5 29.Nc6 Nxc6
30.Bxd6 Qb6 31.e5 Bb7 32.Rc5 Ra5 33.Rb1 Nd4 34.Qe3 Bxg2 35.Kxg2 Nf5 36.Qd3 Nxd6
37.Qxd6 Qb7+ 38.Kg1 h6 39.Qd3 Rc8 40.Rbc1 Rxc5 41.Rxc5 g6 42.Qd8+  1-0

[Event "RGSU Masters"]
[Site "Moscow RUS"]
[Date "2006.11.08"]
[Round "3"]
[White "Cherenkova,K"]
[Black "Castaneda,G"]
[Result "0-1"]
[WhiteElo "2238"]
[BlackElo "2477"]

1.Nf3 Nf6 2.c4 e6 3.g3 b6 4.Bg2 Bb7 5.O-O c5 6.Nc3 Be7 7.d3 O-O 8.Re1 d6
9.a3 Nc6 10.e4 a6 11.Rb1 Nd7 12.b4 Nd4 13.Ne2 Nxf3+ 14.Bxf3 Qc7 15.Bg2 Rfd8
16.Bb2 b5 17.cxb5 axb5 18.Nc3 cxb4 19.axb4 Qb6 20.Qe2 Bf6 21.Ra1 Ne5 22.Kh1 Nc6
23.Rxa8 Rxa8 24.Qg4 Nxb4 25.Na4 Qxf2 26.Rf1 Nxd3 27.Qh5 Bxb2 28.Nxb2 g6 29.Qxb5 Qxb2
30.Qxd3 Ba6 31.Qb1 Rb8 32.Qxb2 Rxb2 33.Rd1 Kf8 34.Kg1 Ke7  0-1

[Event "Petersburg Autumn"]
[Site "St Petersburg RUS"]
[Date "2006.11.08"]
[Round "9"]
[White "Yerastov,A"]
[Black "Nadjezhdin,D"]
[Result "1-0"]
[WhiteElo "2253"]
[BlackElo "2238"]

1.Nf3 Nf6 2.g3 b6 3.Bg2 Bb7 4.O-O e6 5.c4 c5 6.Nc3 Be7 7.Re1 O-O 8.e4 d6
9.d4 cxd4 10.Nxd4 Qc7 11.b3 a6 12.Bb2 Nbd7 13.Rc1 Rfe8 14.Qe2 Rac8 15.h3 Qb8
16.Kh2 Bf8 17.Nc2 Nc5 18.f3 Qa8 19.Red1 b5 20.b4 Ncd7 21.cxb5 axb5 22.Qxb5 Ne5
23.Qe2 d5 24.Ba1 dxe4 25.fxe4 Qb8 26.Qb5 h5 27.Ne2 Bd6 28.Rxd6 Neg4+ 29.hxg4 Nxg4+
30.Kh1 Qxd6 31.Qxb7 Rxc2 32.Rf1 f6 33.Qb5 Rec8 34.Bf3 Ne3 35.Rg1 e5 36.Qa4 Qd7
37.Qxd7  1-0

[Event "TCh-BEL 2006-7"]
[Site "Belgium BEL"]
[Date "2006.11.19"]
[Round "4"]
[White "Verduyn,P"]
[Black "Gengler,P"]
[Result "1/2-1/2"]
[WhiteElo "2163"]
[BlackElo "2282"]

1.Nf3 c5 2.g3 b6 3.Bg2 Bb7 4.O-O Nf6 5.c4 e6 6.Nc3 Be7 7.d4 cxd4 8.Nxd4 Bxg2
9.Kxg2 O-O 10.e4 d6 11.Be3 Qc8 12.Rc1 Qb7 13.f3 Rd8 14.Qe2 Nc6 15.Nxc6 Qxc6
16.Rfd1 Rd7 17.Nb5 Rad8 18.Nd4 Qb7 19.Rc2 Ne8 20.Bf2 a6 21.Kg1 g6 22.b4 Rc8
23.b5 axb5 24.cxb5 Rxc2 25.Qxc2 d5 26.Nc6 dxe4 27.Rxd7 Qxd7 28.Nxe7+ Qxe7
29.Qxe4 Nc7 30.Qb7 Qd6 31.a4 Qd1+ 32.Kg2 Nd5 33.a5 Qc2 34.Kg1  1/2-1/2

[Event "19th Belgrade Trophy"]
[Site "Belgrade SRB"]
[Date "2006.11.22"]
[Round "1"]
[White "Knezevic,Ml"]
[Black "Martic,I"]
[Result "0-1"]
[WhiteElo "2167"]
[BlackElo "2325"]

1.Nf3 Nf6 2.c4 c5 3.g3 b6 4.Bg2 Bb7 5.O-O e6 6.Nc3 Be7 7.d4 cxd4 8.Nxd4 Bxg2
9.Kxg2 O-O 10.e4 Qc7 11.b3 a6 12.Bb2 d6 13.Qe2 Re8 14.Rac1 Nbd7 15.Rfd1 Rac8
16.Nc2 Qb7 17.f3 Bf8 18.Ne3 Ne5 19.Rd2 Rb8 20.a4 Rbc8 21.h3 h5 22.Kh2 Qc7
23.Ncd1 Be7 24.Nf2 Qb8 25.Nd3 Ng6 26.Rdc2 h4 27.Bxf6 hxg3+ 28.Kxg3 Bxf6 29.f4 Qb7
30.Qf3 Nh4 31.Qh1 Qe7 32.Ng2 Ng6 33.Qf1 Bd4 34.Qf3 Qf6 35.Kh2 Ne5 36.Nxe5 dxe5
37.Kh1 exf4 38.Qxf4 Qxf4 39.Nxf4 Be3 40.Rf1 Red8 41.Ne2 Bc5 42.Rf3 Rd1+ 43.Kg2 Rcd8
44.h4 Kf8 45.Nf4 Ke7 46.Rcc3 R8d2+ 47.Kh3 Re1 48.Rcd3 Rxd3 49.Nxd3 Rxe4 50.a5 Be3
51.axb6 Bxb6 52.Nb4 a5 53.Nd3 g6 54.Kg3 f5 55.Nb2 Re2 56.Na4 Bc7+  0-1

[Event "19th Belgrade Trophy"]
[Site "Belgrade SRB"]
[Date "2006.11.27"]
[Round "6"]
[White "Jakovljevic,Vlado"]
[Black "Spiric,I"]
[Result "1-0"]
[WhiteElo "2398"]
[BlackElo "2306"]

1.Nf3 e6 2.c4 c5 3.g3 b6 4.Bg2 Bb7 5.O-O Nf6 6.Nc3 Be7 7.Re1 d6 8.e4 e5 9.d3 O-O
10.Nh4 Nc6 11.Nf5 Nd4 12.f4 Nxf5 13.exf5 Bxg2 14.Kxg2 Qd7 15.g4 exf4 16.Bxf4 g6
17.Bg5 Bd8 18.Qf3 Rb8 19.Re2 Qb7 20.h3 Qxf3+ 21.Kxf3 Rb7 22.Rae1 Nd7 23.Bf4 Ne5+
24.Bxe5 dxe5 25.Rxe5 Bh4 26.R1e2 Bf6 27.Rd5 Bxc3 28.bxc3 Kg7 29.Kf4 Rc8 30.a4 Rc6
31.h4 gxf5 32.gxf5 Kh6 33.Kg4 Rf6 34.Re8 Rc7 35.Rdd8 Rb7 36.Kf4 Kh5 37.Re1 Rc7
38.Re2 a6 39.Re1 Rb7 40.Rd5 Rc7 41.Re8 Kxh4 42.Re1 Kh3 43.Rde5 Rd7 44.R5e3+ Kg2
45.R3e2+  1-0

[Event "ch-ROM"]
[Site "Predeal ROM"]
[Date "2006.12.06"]
[Round "10"]
[White "Sfarlog,T"]
[Black "Grecescu,G"]
[Result "1/2-1/2"]
[WhiteElo "2161"]
[BlackElo "2405"]

1.Nf3 e6 2.c4 Nf6 3.g3 b6 4.Bg2 Bb7 5.O-O c5 6.Nc3 Be7 7.Re1 a6 8.e4 d6 9.d4 cxd4
10.Nxd4 Qc7 11.Be3 O-O 12.Rc1 Nbd7 13.Qe2 Rac8 14.b3 Rfe8 15.g4 Nc5 16.f3 Qb8
17.g5 Nh5 18.f4 Nxf4 19.Bxf4 e5 20.b4 exd4 21.bxc5 dxc3 22.cxb6 Bd8 23.Rxc3 Bxb6+
24.Kh1 Bd4 25.Rh3 g6 26.Rd1 Be5 27.Qf2 d5 28.Bxe5 Qxe5 29.cxd5 Qxg5 30.Rf1 Re7
31.Qb2 Rce8 32.Rb3 Bc8 33.Rb8 h5 34.Qf6 Qe5 35.Qxe5 Rxe5 36.Rc1 Bd7 37.Rb7 Bb5
38.Rcc7 Rf8 39.h4 Kg7 40.Re7 Kf6 41.Rxe5 Kxe5 42.Kh2 f5 43.Re7+ Kd4 44.e5 f4
45.e6 Ke5 46.Rf7 Rc8 47.e7 Re8 48.a3 Bc4  1/2-1/2

[Event "6th Amplico AIG Life"]
[Site "Warsaw POL"]
[Date "2006.12.16"]
[Round "6"]
[White "Urban,K"]
[Black "Godlauskas,K"]
[Result "1-0"]
[WhiteElo "2450"]
[BlackElo "2269"]

1.Nf3 Nf6 2.c4 c5 3.g3 b6 4.Bg2 Bb7 5.O-O e6 6.Nc3 Be7 7.d4 cxd4 8.Qxd4 d6
9.Bg5 a6 10.Bxf6 Bxf6 11.Qf4 Bxf3 12.Qxf3 Ra7 13.Rfd1 O-O 14.Qe3 Rd7 15.Rd3 Qc7
16.Na4 b5 17.cxb5 axb5 18.Nb6 Rdd8 19.Rb3 Nd7 20.Rxb5 Rb8 21.Rc1 Nc5 22.b4 Rxb6
23.Rxb6 Qxb6 24.bxc5 dxc5 25.Qxc5 Qb2 26.Qc2 Qa3 27.Rb1 Rd8 28.Rb7 Qa6 29.h4 g6
30.e3 Qd6 31.Bf3 Be5 32.Kg2 Rb8 33.a4 Rxb7 34.Bxb7 Qb6 35.Qc8+ Kg7 36.Qa8 Bc7
37.Bc6 Qc5 38.Qe8 Qd6 39.Bf3 h5 40.Qa8 Qc5 41.Qb7 Ba5 42.Qb2+ Bc3 43.Qa2 Qb4
44.Qc2 Qc5 45.Qb3 Bb4 46.Qd3 Bc3 47.Qa6 Be1 48.Qe2 Ba5 49.Qd3 Bc3 50.Qc2 Qb4
51.Bc6 Qc5 52.Qe4 Be5 53.Be8 Bf6 54.Qb7 Be7 55.a5 Kf8 56.a6  1-0

[Event "XVII Cracovia A"]
[Site "Krakow POL"]
[Date "2006.12.27"]
[Round "1"]
[White "Gritsak,O"]
[Black "Kukula,P"]
[Result "1-0"]
[WhiteElo "2542"]
[BlackElo "2200"]

1.Nf3 c5 2.c4 Nf6 3.g3 b6 4.Bg2 Bb7 5.O-O e6 6.Nc3 Be7 7.d4 cxd4 8.Qxd4 d6
9.Rd1 a6 10.Bg5 Nbd7 11.Qd2 O-O 12.Bf4 Ne8 13.Rac1 Qc7 14.b3 Rd8 15.h4 Ne5
16.Ng5 Bxg2 17.Kxg2 Qb7+ 18.f3 h6 19.Nh3 Nf6 20.a4 Ng6 21.e4 Nxf4+ 22.Nxf4 Rfe8
23.g4 d5 24.cxd5 exd5 25.Ncxd5 Nxd5 26.Nxd5 Bxh4 27.Rc7 Qb8 28.Qf4 Rf8 29.Qe5 Rd7
30.Qh2 Rxc7 31.Qxc7 Qxc7 32.Nxc7 Rc8 33.Rd7 a5 34.f4 Rd8 35.Rxd8+ Bxd8 36.Nd5 Kf8
37.e5 Ke8 38.Kf3 Kd7 39.Ke4 Kc6 40.b4 axb4 41.Nxb4+ Kc5 42.Nd5 g6 43.f5 h5
44.fxg6 fxg6 45.Nf4 Kb4 46.Nxh5 Kxa4 47.Nf4 b5 48.Nxg6 b4 49.Nf4 b3 50.Nd3 Kb5
51.Kd5 Bg5 52.Nb2 Kb4 53.e6 Kc3 54.Na4+ Kd3 55.Ke5 Kc4 56.Kf5 Be7 57.g5 Kb4
58.Nb2 Kc3 59.g6 Kxb2 60.g7 Ka2 61.g8=Q b2 62.Qg2 Ba3 63.Qd5+ Ka1 64.Qd4 Ka2
65.Qc4+ Ka1 66.Qc3 Ka2 67.Qc2 Ka1 68.e7 Bxe7 69.Qa4+ Kb1 70.Ke4 Bd6 71.Kd3 Be5
72.Qd1+ Ka2 73.Kc2 Bd4 74.Qh1 Ka3 75.Qd5 b1=Q+ 76.Kxb1 Bb6 77.Qc4  1-0

[Event "1st Open"]
[Site "Illes Medes ESP"]
[Date "2007.01.04"]
[Round "9"]
[White "Fomichenko,E"]
[Black "Suba,M"]
[Result "0-1"]
[WhiteElo "2426"]
[BlackElo "2535"]

1.Nf3 c5 2.c4 Nf6 3.g3 b6 4.Bg2 Bb7 5.O-O e6 6.Nc3 d6 7.d4 cxd4 8.Qxd4 a6
9.Bg5 Nbd7 10.Rfd1 Be7 11.Ne1 Bxg2 12.Nxg2 Rc8 13.Ne4 Rc6 14.b4 b5 15.cxb5 axb5
16.Nxf6+ Nxf6 17.a4 bxa4 18.b5 Rb6 19.Qxa4 O-O 20.e4 Qd7 21.Ne3 Qxb5 22.Qxb5 Rxb5
23.Bxf6 Bxf6 24.Ra6 Rb4 25.Raxd6 Rxe4 26.Rd7 Bg5 27.Nf1 Ra4 28.h4 Bf6 29.Nh2 h5
30.Nf3 Rb8 31.R1d2 Rab4 32.Rc2 R8b7 33.Rcc7 Rxc7 34.Rxc7 Rb5 35.Kg2 Rd5 36.Ne1 Bd8
37.Rb7 f5 38.Nc2 Kh7 39.Ne3 Rd4 40.Kf3 Kg6 41.Ng2 e5 42.Ne3 f4 43.Nc2 Ra4
44.Nb4 Ra3+ 45.Kg2 Rb3 46.Rd7 Bxh4 47.Nd3 Bf6  0-1

[Event "Petrovskaya Ladya IM"]
[Site "Peterhof RUS"]
[Date "2007.01.07"]
[Round "6"]
[White "Kaliberda,V"]
[Black "Nadjezhdin,D"]
[Result "0-1"]
[WhiteElo "2354"]
[BlackElo "2238"]

1.c4 c5 2.Nf3 Nf6 3.g3 b6 4.Bg2 Bb7 5.O-O e6 6.Nc3 Be7 7.Re1 O-O 8.e4 d6
9.d4 cxd4 10.Nxd4 Qc7 11.b3 a6 12.Bb2 Nbd7 13.Qd2 Rfe8 14.h3 Rac8 15.g4 Ne5
16.Rac1 Qb8 17.f4 Nc6 18.Nde2 Bf8 19.g5 Nd7 20.h4 b5  0-1

[Event "Petrovskaya Ladya IM"]
[Site "Peterhof RUS"]
[Date "2007.01.08"]
[Round "8"]
[White "Khamidulin,V"]
[Black "Nadjezhdin,D"]
[Result "0-1"]
[WhiteElo "2220"]
[BlackElo "2238"]

1.Nf3 Nf6 2.g3 b6 3.Bg2 Bb7 4.O-O c5 5.c4 e6 6.Nc3 Be7 7.Re1 O-O 8.e4 d6
9.d4 cxd4 10.Nxd4 Qc7 11.Qe2 a6 12.Be3 Nbd7 13.h3 Rac8 14.Rac1 Qb8 15.b3 Qa8
16.f3 Rfe8 17.Qf2 d5 18.cxd5 exd5 19.exd5 Ba3 20.Rc2 Nxd5 21.Nxd5 Bxd5 22.Rce2 Ne5
23.Rd2 Bb4  0-1

[Event "zt 3.3"]
[Site "Phu Quoc VIE"]
[Date "2007.01.14"]
[Round "5"]
[White "Dableo,R"]
[Black "Nguyen Anh Dung"]
[Result "1/2-1/2"]
[WhiteElo "2453"]
[BlackElo "2533"]

1.Nf3 Nf6 2.c4 b6 3.g3 Bb7 4.Bg2 c5 5.O-O e6 6.b3 Be7 7.Bb2 O-O 8.d4 cxd4
9.Na3 d6 10.Nxd4 Bxg2 11.Kxg2 Qc8 12.Nac2 Nbd7 13.f3 Qb7 14.e4 a6 15.Qe2 Rfc8
16.Rf2 Ne5 17.a4 Nfd7 18.f4 Nc6 19.Qf3 Nxd4 20.Nxd4 Nc5 21.Re2 Bf8 22.h4 Re8
23.h5 h6  1/2-1/2

[Event "zt 3.3"]
[Site "Phu Quoc VIE"]
[Date "2007.01.17"]
[Round "8"]
[White "Tu Hoang Thong"]
[Black "Dimakiling,O"]
[Result "1/2-1/2"]
[WhiteElo "2469"]
[BlackElo "2481"]

1.Nf3 c5 2.c4 Nf6 3.g3 b6 4.Bg2 Bb7 5.O-O e6 6.Nc3 Be7 7.d4 cxd4 8.Qxd4 O-O
9.Rd1 Qc8 10.b3 d5 11.cxd5 Nxd5 12.Nxd5 Bxd5 13.Bb2 Bf6 14.Qd2 Nd7 15.Ne1 Bxb2
16.Qxb2 Nf6 17.Rac1 Qb7 18.Bxd5 Nxd5 19.Nd3 a5 20.Qe5 Rac8 21.Nf4 Nf6 22.Nh5 Rxc1
23.Rxc1 Nxh5 24.Qxh5 Rd8 25.Qf3 Rd5 26.Qc3 f5 27.Qe3 e5 28.f3 h6 29.Qc3 Kh7
30.Qc6 Qxc6 31.Rxc6 b5 32.a3 f4 33.Kf2 g5 34.Ra6 b4 35.axb4 axb4 36.Rb6 Rd4
37.Re6 Rd5 38.Rb6 Rd4  1/2-1/2

[Event "Stone Flower B"]
[Site "Nizhnij Tagil RUS"]
[Date "2007.01.22"]
[Round "9"]
[White "Ogloblin,N"]
[Black "Pogromsky,M"]
[Result "1/2-1/2"]
[WhiteElo "2401"]
[BlackElo "2384"]

1.Nf3 Nf6 2.c4 c5 3.g3 b6 4.Bg2 Bb7 5.O-O e6 6.Nc3 Be7 7.d4 cxd4 8.Qxd4 Nc6
9.Qf4 O-O 10.Rd1 Qb8 11.Qxb8 Raxb8 12.Bf4 Rbc8 13.Ne5 Rfd8 14.Nxc6 Bxc6 15.Bxc6 dxc6
16.b3  1/2-1/2